Chicago Bears: Most Passing TDs Each Year - Statistics

General Stats
  • This quiz has been taken 748 times
    143 since last reset
  • The average score is 36 of 93
Answer Stats
Year Player TDs % Correct
2024 Caleb Williams 20
98%
2009 Jay Cutler 27
97%
2010 Jay Cutler 23
97%
2011 Jay Cutler 13
97%
2012 Jay Cutler 19
97%
2013 Jay Cutler 19
97%
2014 Jay Cutler 28
97%
2015 Jay Cutler 21
97%
2022 Justin Fields 17
94%
2023 Justin Fields 16
94%
2017 Mitchell Trubisky 7
93%
2018 Mitchell Trubisky 24
93%
2019 Mitchell Trubisky 17
93%
2020 Mitchell Trubisky 16
93%
1982 Jim McMahon 9
81%
1983 Jim McMahon 12
81%
1984 Jim McMahon 8
81%
1985 Jim McMahon 15
81%
1986 Jim McMahon 5
81%
1987 Jim McMahon 12
81%
2006 Rex Grossman 23
78%
1940 Sid Luckman 4
64%
1941 Sid Luckman 9
64%
1943 Sid Luckman 28
64%
1944 Sid Luckman 11
64%
1945 Sid Luckman 14
64%
1946 Sid Luckman 17
64%
1947 Sid Luckman 24
64%
1948 Sid Luckman 13
64%
2021 Andy Dalton 8
57%
1990 Jim Harbaugh 10
55%
1991 Jim Harbaugh 15
55%
1992 Jim Harbaugh 13
55%
1993 Jim Harbaugh 7
55%
2005 Kyle Orton 9
51%
2008 Kyle Orton 18
51%
1995 Erik Kramer 29
32%
1997 Erik Kramer 14
32%
1998 Erik Kramer 9
32%
2000 Cade McNown 8
28%
1969 Bobby Douglass 5
24%
1972 Bobby Douglass 9
24%
1973 Bobby Douglass 5
24%
2001 Jim Miller 13
23%
2002 Jim Miller 13
23%
2003 Kordell Stewart 7
21%
2007 Brian Griese 10
19%
2016 Matt Barkley 8
19%
1988 Mike Tomczak 7
19%
1989 Mike Tomczak 16
19%
1955 Ed Brown 9
18%
1956 Ed Brown 11
18%
1957 Ed Brown 6
18%
1958 Ed Brown 10
18%
1959 Ed Brown 13
18%
1960 Ed Brown 7
18%
1961 Billy Wade 22
15%
1962 Billy Wade 18
15%
1963 Billy Wade 15
15%
1964 Billy Wade 13
15%
1999 Shane Matthews 10
15%
1975 Bob Avellini 6
13%
1976 Bob Avellini 8
13%
1977 Bob Avellini 11
13%
1978 Bob Avellini 5
13%
2004 Chad Hutchinson 4
13%
1994 Steve Walsh 10
13%
1952 George Blanda 8
12%
1953 George Blanda 14
12%
1954 George Blanda 15
12%
1980 Vince Evans 11
12%
1981 Vince Evans 11
12%
1996 Dave Krieg 14
11%
1967 Jack Concannon 6
11%
1968 Jack Concannon 5
11%
1970 Jack Concannon 16
11%
1932 Keith Molesworth / Bronko Nagurski 3
10%
1949 Johnny Lujack 23
9%
1950 Johnny Lujack 4
9%
1951 Johnny Lujack 8
9%
1933 Keith Molesworth 4
7%
1936 Keith Molesworth 4
7%
1934 Keith Molesworth / Gene Ronzani 3
7%
1979 Mike Phipps 9
6%
1974 Gary Huff 6
4%
1965 Rudy Bukich 20
4%
1966 Rudy Bukich 10
4%
1971 Kent Nix 6
3%
1935 Bernie Masterson 6
2%
1937 Bernie Masterson 9
2%
1939 Bernie Masterson 8
2%
1938 Bernie Masterson / Ray Buivid 5
2%
1942 Charlie O'Rourke 11
1%
No matching quizzes found
Score Distribution
Percent of People with Each Score
Percentile by Number Answered
Your Score History
You have not taken this quiz since the last reset